Conditions for second language learning: introduction to a general theory
Uloženo v:
| Hlavní autor: | |
|---|---|
| Médium: | Kniha |
| Jazyk: | angličtina |
| Vydáno: |
Oxford
Oxford University
1989
|
| Edice: | Oxford english
|
| Témata: | |
| Tagy: |
Přidat tag
Žádné tagy, Buďte první, kdo vytvoří štítek k tomuto záznamu!
|
MARC
| LEADER | 00000nam a2200000 a 4500 | ||
|---|---|---|---|
| 001 | UCX0656 | ||
| 003 | CL-VaPUC | ||
| 008 | 900103e19890000UK |||||||||||||||||eng|d | ||
| 082 | 0 | 4 | |a 428.824 |b SPO |2 21 |
| 100 | 0 | |a Spolsky, Bernard |e author |9 316077 | |
| 245 | 1 | 0 | |a Conditions for second language learning: introduction to a general theory |
| 300 | |a 272 p | ||
| 942 | |c BK | ||
| 945 | |d 19900103 00:00:00 | ||
| 260 | |a Oxford |b Oxford University |c 1989 | ||
| 650 | 7 | |a INGLES ENSEÑANZA |2 CL-VaPUC |9 313261 | |
| 650 | 7 | |a ESTUDIANTES EXTRANJEROS |2 CL-VaPUC |9 313952 | |
| 583 | |a last modification |c 19900103 00:00:00 |k Rodrigo Vera | ||
| 490 | 0 | |a Oxford english | |
| 999 | |c 222188 |d 222186 | ||
| 952 | |0 0 |1 0 |4 0 |6 428_824000000000000_SPO_1989 |7 0 |8 A |9 216590 |a FDOPOS |b FDOPOS |d 2019-11-15 |i 2852187 |o 428.824 SPO 1989 |p 2852187 |r 2025-01-22 |w 2019-11-15 |y BK |k MLA | ||